000 00538nam a2200181 i 4500
001 35387
003 ES-MaACL
005 20250805064133.0
007 t|
008 030212s1933 fr ||||1| fre d
100 1 _aBoschot, Adolphe.
_930675
245 1 0 _aThéophile Gautier /
_cAdolphe Boschot.
260 _aParis :
_bDesclée de Brouwer,
_c1933 (
_eBruges :
_fDesclé)
300 _a359 p., 4 lám. ;
_c20 cm.
600 1 4 _aGautier, Théophile,
_d1811-1872
_9170960
852 _aES-MaACL
_jA-1991
999 _c35387
_d35387